000 00471nam a2200133Ia 4500
008 230917s9999||||xx |||||||||||||| ||und||
040 _e170367
_aMAIN
041 _aEnglish
082 _a616.89 E19E
245 0 _aEncyclopedia of psychic disorders. 6V. V1- Depression. V2- Learning disabilities. V3- Mental health. V4- Phobias, fears, and anxieties. V5- Sleep and sleep disorders. V6- Suicide
260 _aNew Delhi
_bViva Books
_c2004
300 _av. p.
942 _cBK
999 _c136380
_d136380